| 000 | 00401nam a2200133Ia 4500 | ||
|---|---|---|---|
| 008 | 220204s9999 xx 000 0 und d | ||
| 082 |
_a579(06) _bGRE |
||
| 100 | _aGREGORY, P H | ||
| 245 | 0 | _aAirborne microbes: Seventeenth symposium of the society for general microbiology | |
| 260 |
_aCambridge _bCambridge University _c1967 |
||
| 650 | _aAirborne microbes | ||
| 700 | _aMONTEITH, J L | ||
| 942 | _cBK | ||
| 999 |
_c21185 _d21185 |
||